| 000 | 00453nam a2200157 i 4500 | ||
|---|---|---|---|
| 001 | 97742 | ||
| 003 | ES-MaACL | ||
| 007 | t| | ||
| 008 | 050718s1953 sp ||||1| spa d | ||
| 100 | 1 |
_aMarín, Jorge. _976742 |
|
| 245 | 1 | 3 |
_aLa coronación en Inglaterra _b: historial y anecdotario / _cJorge Marín. |
| 250 | _a[1ª ed.]. | ||
| 260 |
_aBarcelona : _bJuventud, _c1953. |
||
| 300 |
_a208 p., 19 lám. ; _c22 cm. |
||
| 852 |
_aES-MaACL _jC-5810 _bR.35005 |
||
| 999 |
_c97742 _d97742 |
||